La ley Flavia municipal (Texto y cometario).
Saved in:
| Hovedforfatter: | |
|---|---|
| Format: | Bog |
| Udgivet: |
Romae, Italia:
Pontificia Universitas Lateranensis,
1986.
|
| Serier: | Studia et documenta (Pontificia Università lateranense. Pontificum Institutum Utriusque Iuris),
|
| Fag: | |
| Tags: |
Tilføj Tag
Ingen Tags, Vær først til at tagge denne postø!
|
MARC
| LEADER | 00000nam a22000007a 4500 | ||
|---|---|---|---|
| 003 | CL-VaPUC | ||
| 005 | 20230126095130.0 | ||
| 008 | 220728t1986 ||||| |||| 00| 0 eng d | ||
| 999 | |c 437736 |d 437734 | ||
| 040 | |c Pontificia Universidad Católica de Valparaíso | ||
| 082 | 7 | |a 340.54 ORS 1986 |2 22 | |
| 100 | |a Ors, Álvaro d' |e autor |9 878430 | ||
| 245 | 1 | 3 | |a La ley Flavia municipal (Texto y cometario). |
| 260 | |a Romae, Italia: |b Pontificia Universitas Lateranensis, |c 1986. | ||
| 300 | |a 199 páginas | ||
| 490 | |a Studia et documenta (Pontificia Università lateranense. Pontificum Institutum Utriusque Iuris), |n 7 | ||
| 583 | |c 20220728 |k GC | ||
| 650 | |a Derecho romano |9 874309 | ||
| 650 | |a Gobierno municipal |z Roma |9 874310 | ||
| 942 | |2 ddc |c BK | ||
| 952 | |0 0 |1 0 |2 ddc |4 0 |6 340_540000000000000_ORS_1986 |7 0 |8 C_AGB |9 585532 |a BIBDER |b BIBDER |d 2022-07-28 |e Donación |i 5653514 |o 340.54 ORS 1986 |p 5653514 |r 2023-01-25 |t 1 |w 2022-07-28 |y BK_US |k AGB | ||